<?xml version="1.0" encoding="UTF-8"?>
<record
    xmlns:xsi="http://www.w3.org/2001/XMLSchema-instance"
    xsi:schemaLocation="http://www.loc.gov/MARC21/slim http://www.loc.gov/standards/marcxml/schema/MARC21slim.xsd"
    xmlns="http://www.loc.gov/MARC21/slim">

  <leader>01565    a2200217   4500</leader>
  <controlfield tag="001">47086</controlfield>
  <controlfield tag="005">20260407155739.0</controlfield>
  <controlfield tag="008">260407a1991    arg                 spa d</controlfield>
  <controlfield tag="003">AR-UNSa-BCEJYS</controlfield>
  <datafield tag="040" ind1=" " ind2=" ">
    <subfield code="a">AR-UNSa-BCEJYS</subfield>
    <subfield code="b">spa</subfield>
    <subfield code="c">AR-UNSa-BCEJYS</subfield>
  </datafield>
  <datafield tag="080" ind1=" " ind2=" ">
    <subfield code="a">94:33</subfield>
    <subfield code="x">Historia econ&#xF3;mica</subfield>
  </datafield>
  <datafield tag="245" ind1="1" ind2="0">
    <subfield code="a">Historia de la econom&#xED;a</subfield>
  </datafield>
  <datafield tag="020" ind1=" " ind2=" ">
    <subfield code="a">978-950-9122-13-0</subfield>
  </datafield>
  <datafield tag="264" ind1=" " ind2="1">
    <subfield code="a">Barcelona :</subfield>
    <subfield code="b">Ediciones Ariel</subfield>
    <subfield code="c">1991</subfield>
  </datafield>
  <datafield tag="300" ind1=" " ind2=" ">
    <subfield code="a">331 p.</subfield>
    <subfield code="c">23 cm.</subfield>
  </datafield>
  <datafield tag="505" ind1=" " ind2=" ">
    <subfield code="a">1. Una visi&#xF3;n panor&#xE1;mica - 2. Despu&#xE9;s de Ad&#xE1;n - 3. El perdurable intermedio - 4. Los mercaderes y el Estado - 5. El proyecto franc&#xE9;s - 6. El nuevo mundo de Adam Smith - 7. Refinamiento, afirmaci&#xF3;n y las semillas de la revuelta - 8. La gran tradici&#xF3;n cl&#xE1;sica [1]: Por los alrededores - 9. La gran tradici&#xF3;n cl&#xE1;sica [2]: La corriente principal - 10. La gran tradici&#xF3;n cl&#xE1;sica [3]: La defensa de la fe - 11. La ofensiva general - 12. La peculiar personalidad del dinero - 13. Focos de inter&#xE9;s en Estados Unidos : El comercio y los monopolios; los enriquecidos y los ricos - 14. Culminaci&#xF3;n y cr&#xED;tica - 15. La fuerza primordial d la Gran Depresi&#xF3;n - 16. El nacimiento del Estado del bienestar - 17. John Maynard Keynes - 18. La confirmaci&#xF3;n de Marte - 19. Pleno mediod&#xED;a - 20. Crep&#xFA;sculo y toque de oraci&#xF3;n - 21. El presente como el futuro [I] - 22. El presente como el futuro [II].</subfield>
  </datafield>
  <datafield tag="942" ind1=" " ind2=" ">
    <subfield code="c">BK</subfield>
  </datafield>
  <datafield tag="590" ind1=" " ind2=" ">
    <subfield code="a">niveau_biblio:m niveau_hierar:0</subfield>
  </datafield>
  <datafield tag="100" ind1="1" ind2=" ">
    <subfield code="a">Galbraith, John Kenneth</subfield>
  </datafield>
  <datafield tag="856" ind1="4" ind2="1">
    <subfield code="u">https://www.biblioeco.unsa.edu.ar/pmb/images/libros/L127387.jpg</subfield>
    <subfield code="y">Imagen de portada</subfield>
    <subfield code="q">image/jpeg</subfield>
  </datafield>
  <datafield tag="999" ind1=" " ind2=" ">
    <subfield code="c">4283</subfield>
    <subfield code="d">4283</subfield>
  </datafield>
  <datafield tag="952" ind1=" " ind2=" ">
    <subfield code="0">0</subfield>
    <subfield code="1">0</subfield>
    <subfield code="4">0</subfield>
    <subfield code="7">0</subfield>
    <subfield code="a">BCEJYS</subfield>
    <subfield code="b">BCEJYS</subfield>
    <subfield code="c">16</subfield>
    <subfield code="d">2026-04-07</subfield>
    <subfield code="l">0</subfield>
    <subfield code="o">94:33 G148</subfield>
    <subfield code="p">L127387</subfield>
    <subfield code="r">2026-04-07 15:57:39</subfield>
    <subfield code="w">2026-04-07</subfield>
    <subfield code="y">L</subfield>
  </datafield>
</record>
